| 000 -ლიდერი |
| ფიქსირებული სიგრძის საკონტროლო ველი |
01471nam a2200277Ia 4500 |
| 001 - საკონტროლო ნომერი |
| საკონტროლო ველი |
9517 |
| 003 - საკონტროლო ნომრის იდენტიფიკატორი |
| საკონტროლო ველი |
GE_BSU |
| 005 - ბოლო ოპერაციის თარიღი და დრო |
| საკონტროლო ველი |
20240610174917.0 |
| 008 - ფიქსირებული სიგრძის მონაცემთა ელემენტები - ზოგადი ინფორმაცია |
| ფიქსირებული სიგრძის საკონტროლო ველი |
181216s2012||||ge |||||||||||||| ||geo|| |
| 040 ## - კატალოგიზაციის წყარო |
| Transcribing agency |
GE_BSU |
| 041 ## - ენის კოდი |
| Language code of text/sound track or separate title |
geo |
| 080 ## - უნივერსალური ათობითი კლასიფიკაციის ინდექსი |
| Universal Decimal Classification number |
51(075.4) მ–15 |
| 245 ## - ცნობა სათაურის შესახებ |
| Title |
მათემატიკა : გეომეტრია : |
| Remainder of title |
სატესტო და ეროვნული გამოცდებისათვის თეორია, ამოცანათა კრებული, ბილეთები, ტეესტები / |
| Statement of responsibility, etc |
ბეჟან ღვაბერიძე, ფრიდონ დვალიშვილი, ალექსანდრე მოსიძე, კობა გელაშვილი, გია სირბილაძე ; რედ. ნ. ქალდანი. |
| Medium |
|
| 250 ## - გამოცემის ცნობა |
| Edition statement |
მე–5 გამოცემა |
| 264 ## - წარმოების, გამოცემის, დისტრიბუციის და სხვა ცნობები |
| გამოცემის, წარმოების, დისტრიბუციის... ადგილი |
თბილისი : |
| გამოცემის, წარმოების, დისტრიბუციის... თარიღი |
2012. |
| 300 ## - ფიზიკური აღწერა |
| Extent |
369 გვ. ; |
| Dimensions |
27 სმ. |
| 653 ## - INDEX TERM--UNCONTROLLED |
| Uncontrolled term |
მათემატიკა |
| 653 ## - INDEX TERM--UNCONTROLLED |
| Uncontrolled term |
გეომეტრია |
| 653 ## - INDEX TERM--UNCONTROLLED |
| Uncontrolled term |
სატესტო და ეროვნული გამოცდებისათვის თეორია |
| 653 ## - INDEX TERM--UNCONTROLLED |
| Uncontrolled term |
ამოცანათა კრებული |
| 653 ## - INDEX TERM--UNCONTROLLED |
| Uncontrolled term |
ბილეთები |
| 653 ## - INDEX TERM--UNCONTROLLED |
| Uncontrolled term |
ტესტები |
| 700 ## - ADDED ENTRY--PERSONAL NAME |
| Personal name |
ქალდანი, ნ. |
| Relator term |
რედაქტორი |
| 9 (RLIN) |
22383 |
| 942 ## - ADDED ENTRY ELEMENTS (KOHA) |
| Koha item type |
წიგნი |
| Source of classification or shelving scheme |
|